All-NBA Teams of the 21st Century - Statistics

General Stats
  • This quiz has been taken 37 times
  • The average score is 78 of 109
Answer Stats
Answer % Correct
LeBron James
100%
Nikola Jokic
100%
Shai Gilgeous-Alexander
100%
Stephen Curry
100%
Allen Iverson
94%
Anthony Davis
94%
Baron Davis
94%
Chris Paul
94%
Jayson Tatum
94%
Joel Embiid
94%
Karl-Anthony Towns
94%
Kawhi Leonard
94%
Kobe Bryant
94%
Luka Doncic
94%
Tim Duncan
94%
Blake Griffin
89%
Carmelo Anthony
89%
DeAndre Jordan
89%
Deron Williams
89%
Donovan Mitchell
89%
Dwight Howard
89%
Giannis Antetokounmpo
89%
Jalen Brunson
89%
Jalen Williams
89%
James Harden
89%
Jaylen Brown
89%
Kevin Durant
89%
Kevin Garnett
89%
Klay Thompson
89%
Marc Gasol
89%
Pau Gasol
89%
Tony Parker
89%
Tracy McGrady
89%
Amar'e Stoudemire
83%
Bradley Beal
83%
Chris Bosh
83%
Draymond Green
83%
Jason Kidd
83%
Jimmy Butler
83%
Paul George
83%
Paul Pierce
83%
Russell Westbrook
83%
Steve Nash
83%
Tyrese Haliburton
83%
Chauncey Billups
78%
David Robinson
78%
DeMar DeRozan
78%
Dwyane Wade
78%
John Wall
78%
Karl Malone
78%
Kyrie Irving
78%
Ray Allen
78%
Rudy Gobert
78%
Shaquille O'Neal
78%
Vince Carter
78%
Alonzo Mourning
72%
Anthony Edwards
72%
Chris Webber
72%
Damian Lillard
72%
De'Aaron Fox
72%
Devin Booker
72%
Dirk Nowitzki
72%
Jermaine O'Neal
72%
Joe Johnson
72%
Kevin Love
72%
Kyle Lowry
72%
Manu Ginobili
72%
Pascal Siakam
72%
Rajon Rondo
72%
Trae Young
72%
Ben Wallace
67%
Derrick Rose
67%
Dikembe Mutombo
67%
Domantas Sabonis
67%
Gary Payton
67%
Grant Hill
67%
Kemba Walker
67%
Andre Drummond
61%
Gilbert Arenas
61%
Ja Morant
61%
Joakim Noah
61%
Julius Randle
61%
LaMarcus Aldridge
61%
Tyson Chandler
61%
Brandon Roy
56%
DeMarcus Cousins
56%
Evan Mobley
56%
Isaiah Thomas
56%
Peja Stojakovic
56%
Shawn Marion
56%
Yao Ming
56%
Al Horford
50%
Cade Cunningham
50%
Carlos Boozer
50%
Zach Randolph
50%
Al Jefferson
44%
Andrew Bynum
44%
Ben Simmons
44%
Elton Brand
39%
Ron Artest
39%
Victor Oladipo
39%
David Lee
33%
Michael Redd
33%
Eddie Jones
28%
Sam Cassell
28%
Stephon Marbury
28%
Goran Dragic
22%
Andrew Bogut
17%
Jamal Mashburn
17%
No matching quizzes found
Score Distribution
Percent of People with Each Score
Percentile by Number Answered
Your Score History
You have not taken this quiz